Lectura y construcción de conocimiento / (Registro nro. 14021)

Detalles MARC
000 -LIDER
fixed length control field 00802nam a2200253 a 4500
001 - NÚMERO DE CONTROL
Identificador de número de control 000048428
003 - IDENTIFICACDOR DE NÚMERO DE CONTROL
control field DO-SdBNP
005 - DATE AND TIME OF LATEST TRANSACTION
control field 20220208113736.0
008 - ELEMENTOS DE LONGITUD FIJA
fixed length control field 190315s2017 dr 000 0 spa d
020 ## - ISBN
International Standard Book Number 9789993445241
040 ## - FUENTE DE CATALOGACIÓN
Agencia que crea de manera original el registro DO-SdBNP
Idioma de catalogación spa
Agencia que realiza la transcripción BPMSU
082 ## - NÚMERO DE CLASIFICACIÓN DECIMAL DE DEWEY
Classification number 028.55
Item number G216l 2017
Edition number 22
100 1# - ASIENTO PRINCIPAL -- NOMBRE PERSONAL
Nombre personal García Molina, Bartolo
245 10 - MENCIÓN DE TITULO
Título Lectura y construcción de conocimiento /
Mención de responsabilidad Bartolo García Molina,.
260 ## - PUBLICACIÓN, DISTRIBUCIÓN, ETC. (PIE DE IMPRENTA)
Lugar de publicación, distribución, etc Santo Domingo :
Nombre del editor, distribuidor, etc. Surco,
Fecha de publicación, distribución, etc 2017.
300 ## - DESCRIPCIÓN FÍSICA
Extensión 173 p. ;
Dimensiones 24 cm.
500 ## - NOTA GENERAL
Nota general Incluye datos biográficos del autor en la solapa de la cubierta
504 ## - NOTA DE BIBLIOGRAFÍA, ETC.
Bibliography, etc Bibliografía : p. 167-173
590 ## - NOTA LOCAL
Texto de la nota local Inventariado, 2022/VM
650 4# - ENCABEZAMIENTO DE MATERIA--TEMÁTICO
Término temático o nombre geográfico como elemento de entrada Interpretación de la lectura
Subdivisión temática general Enseñanza
Materiales especificados
Subdivisión de forma
650 4# - ENCABEZAMIENTO DE MATERIA--TEMÁTICO
Término temático o nombre geográfico como elemento de entrada Psicolingüística
910 ## - VALIDACIÓN
Validación VMateo V.
942 ## - ADDED ENTRY ELEMENTS (KOHA)
Source of classification or shelving scheme Dewey Decimal Classification
Koha item type Libros
Existencias
Withdrawn status Lost status Source of classification or shelving scheme Damaged status Not for loan Collection code Home library Current library Date acquired Source of acquisition Total Checkouts Full call number Barcode Date last seen Price effective from Koha item type
    Dewey Decimal Classification     Colección Dominicana Biblioteca Pública Metropolitana Salomé Ureña Biblioteca Pública Metropolitana Salomé Ureña 02/08/2022 Editora Búho   BPMSU CD 028.55 G216l 2017 BPMSU22020036 02/08/2022 02/08/2022 Libros